LEADER 01581cam a2200409 a 4500
001 c000285872
003 CARM
005 20080801084454.0
008 860909s1987 acaa b 000 0 eng d
010 |a 88140584 
019 1 |a 4794387  |z 26707614  |5 LACONCORD2021 
020 |a 0867402261 :  |c $19.95 Aust. + $5.00 postage 
035 |a (OCoLC)19004332  |5 LACONCORD2021 
040 |a ANB  |b eng  |c ANB  |d ANB:REV 
042 |a anuc 
043 |a u-at--- 
050 4 |a SD561  |b .P76 1987 
050 1 4 |a QH541.5  |b .P7 1986 
082 0 4 |a 333.75170994  |2 19 
245 0 0 |a Prospects for Australian hardwood forests /  |c edited by John Dargavel and Gordon Sheldon. 
260 |a Canberra :  |b Centre for Resource and Environmental Studies,  |c 1987. 
300 |a xiii, 334 p. :  |b ill. ;  |c 23 cm. 
440 0 |a CRES monograph ;  |v 19 
500 |a Includes bibliographical references (p. [313]-320) 
504 |a Bibliography: p. [313]-320. 
650 0 |a Forest management  |z Australia. 
650 0 |a Forest policy  |z Australia. 
650 0 |a Forest productivity  |z Australia. 
650 0 |a Forest conservation  |z Australia. 
650 0 |a Lumber trade  |z Australia. 
650 0 |a Hardwoods  |z Australia. 
700 1 |a Dargavel, John. 
700 1 |a Sheldon, Gordon,  |d 1921- 
710 2 |a Australian National University.  |b Centre for Resource and Environmental Studies 
852 8 |b CARM  |h A3:AR13B0  |i B10818  |p 0495178  |f BK 
999 f f |i f1d28889-8aed-5a6f-a940-8c7e7a96c1d0  |s 5692f0cc-cd02-5304-bd98-e728a11ae835 
952 f f |p Can circulate  |a CAVAL  |b CAVAL  |c CAVAL  |d CARM 1 Store  |e B10818  |f A3:AR13B0  |h Other scheme  |i book  |m 0495178